000 00700nam a2200169Ia 4500
008 090711s9999 xx 000 0 und d
082 _b58066
100 _aरानडे स. अ.
245 _aजाहीरात कशी करावी अर्थात जाहीरात शास्त्र
260 _c1960
300 _a58
600 _aरानडे स. अ.
630 _aजाहीरात कशी करावी अर्थात जाहीरात शास्त्र
700 _aरानडे स. अ.
730 _aजाहीरात कशी करावी अर्थात जाहीरात शास्त्र
942 _cBOOK
999 _c285492
_d285492